[Event "ch-USA w 2015"]
[Site "Saint Louis USA"]
[Date "2015.04.01"]
[Round "1.1"]
[White "Foisor, Sabina-Francesca"]
[Black "Krush, Irina"]
[Result "1/2-1/2"]
[WhiteTitle "WGM"]
[BlackTitle "GM"]
[WhiteElo "2276"]
[BlackElo "2477"]
[WhiteFideId "1212915"]
[BlackFideId "2012782"]
[EventDate "2015.04.01"]

1. d4 Nf6 2. c4 e6 3. Nc3 Bb4 4. Qc2 d5 5. cxd5 exd5 6. Bg5 h6 7. Bh4 O-O 8. Nf3
c5 9. e3 Be6 10. dxc5 Nc6 11. Bb5 g5 12. Bxc6 bxc6 13. Bg3 Ne4 14. O-O Nxc3 15.
a3 Ne2+ 16. Qxe2 Bxc5 17. Rac1 Qe7 18. b4 Bb6 19. Rxc6 Rfc8 20. Rfc1 Rxc6 21.
Rxc6 Rc8 22. Qc2 Rxc6 23. Qxc6 g4 24. Bh4 Qf8 25. Ne5 Qg7 26. Qd6 Qh7 27. h3
gxh3 28. Bf6 Qb1+ 29. Kh2 Qc2 30. Qc6 Qxc6 31. Nxc6 hxg2 32. a4 Bd7 33. b5 Kf8
34. Nb4 Bh3 35. Nxd5 Ke8 36. Bd4 Be6 37. Nf4 Bb3 38. a5 Bxa5 39. Bxa7 Bc7 40.
Kxg2 Bxf4 41. exf4 Ba4 1/2-1/2

[Event "ch-USA w 2015"]
[Site "Saint Louis USA"]
[Date "2015.04.01"]
[Round "1.2"]
[White "Ni, Viktorija"]
[Black "Paikidze, Nazi"]
[Result "1/2-1/2"]
[WhiteTitle "WIM"]
[BlackTitle "IM"]
[WhiteElo "2188"]
[BlackElo "2333"]
[WhiteFideId "11602252"]
[BlackFideId "13603620"]
[EventDate "2015.04.01"]

1. c4 Nf6 2. Nc3 c5 3. e3 Nc6 4. Nf3 e6 5. Be2 Be7 6. O-O O-O 7. d4 cxd4 8. exd4
d5 9. Ne5 dxc4 10. Nxc6 bxc6 11. Bxc4 Rb8 12. b3 a5 13. Bf4 Bd6 14. Be5 Qe7 15.
Qe2 Rd8 16. Rac1 Bb7 17. Na4 Bxe5 18. dxe5 Nd5 19. Qe4 g6 20. Be2 Nb4 21. Nc5
Nxa2 22. Rc4 Nb4 23. Qf4 Nd5 24. Qh6 Qf8 25. Qg5 Qe7 26. Qh6 Qf8 27. Qg5 Qe7 28.
Qh6 Qf8 1/2-1/2

[Event "ch-USA w 2015"]
[Site "Saint Louis USA"]
[Date "2015.04.01"]
[Round "1.3"]
[White "Abrahamyan, Tatev"]
[Black "Wang, Annie"]
[Result "0-1"]
[WhiteTitle "WGM"]
[BlackTitle "WIM"]
[WhiteElo "2322"]
[BlackElo "1901"]
[WhiteFideId "13301918"]
[BlackFideId "2053900"]
[EventDate "2015.04.01"]

1. e4 e6 2. d4 d5 3. Nd2 h6 4. Ngf3 Nf6 5. Bd3 c5 6. exd5 Nxd5 7. O-O Nd7 8. Ne4
Be7 9. a3 O-O 10. c4 N5f6 11. Nxc5 Nxc5 12. dxc5 Bxc5 13. b4 Be7 14. Bb2 b6 15.
Ne5 Bb7 16. Qe2 Qc7 17. f4 Rfd8 18. Rae1 Bd6 19. f5 Re8 20. Bb1 exf5 21. Rxf5
Qe7 22. Qc2 g6 23. Rf4 a5 24. Qf2 axb4 25. Rxf6 Bc5 26. Bd4 Bxd4 27. Qxd4 Qxf6
28. axb4 Qg5 29. g3 Rad8 30. Qxb6 Rxe5 0-1

[Event "ch-USA w 2015"]
[Site "Saint Louis USA"]
[Date "2015.04.01"]
[Round "1.4"]
[White "Nemcova, Katerina"]
[Black "Goletiani, Rusudan"]
[Result "1/2-1/2"]
[WhiteTitle "WGM"]
[BlackTitle "IM"]
[WhiteElo "2279"]
[BlackElo "2311"]
[WhiteFideId "322750"]
[BlackFideId "13601105"]
[EventDate "2015.04.01"]

1. e4 c5 2. Nf3 e6 3. d4 cxd4 4. Nxd4 a6 5. Nc3 b5 6. Bd3 Qb6 7. Be3 Bc5 8. Be2
Nc6 9. Nxc6 Bxe3 10. fxe3 dxc6 11. Qd4 Qxd4 12. exd4 Ne7 13. e5 O-O 14. Ne4 Nf5
15. c3 Ne3 16. Kf2 Nd5 17. Bf3 f6 18. exf6 gxf6 19. Rhe1 Ra7 20. a4 Re7 21. axb5
axb5 22. Nd6 Nf4 23. Re3 Rd7 24. Nxc8 Rxc8 25. Kg3 e5 26. dxe5 fxe5 27. Rxe5 Ng6
28. Rc5 Ne7 29. Re1 Rf8 30. Re2 Rf6 31. h3 Kf8 32. Kh2 Rdd6 33. Rh5 Rf7 34. Rhe5
Ng6 35. Re6 Rf6 36. Re8+ Kg7 37. Rc8 Kh6 38. Rc7 Nh4 39. Be4 Ng6 40. g4 Rfe6 41.
Rf7 Rd8 42. Rg2 Nf8 43. g5+ Kh5 44. Bf3+ Kg6 45. Rc7 Rd3 46. Be2 Rd7 47. Rxd7
Nxd7 48. Bd3+ Kg7 49. Bf5 Re7 50. Rd2 Ne5 51. Rd6 Rf7 52. Be4 Rf2+ 53. Kg3 Rxb2
54. Re6 Nf7 55. g6 hxg6 56. Rxg6+ Kf8 57. Rxc6 b4 58. cxb4 Rxb4 59. Bd5 Rd4 60.
Bc4 Ne5 61. Rc8+ Kg7 62. Be2 Re4 63. Bg4 Nxg4 64. hxg4 Re5 65. Kh4 Ra5 66. Rc7+
Kg6 67. Rc6+ Kg7 68. Rc4 Rb5 69. g5 Rb1 70. Rc7+ Kg6 71. Rc6+ 1/2-1/2

[Event "ch-USA w 2015"]
[Site "Saint Louis USA"]
[Date "2015.04.01"]
[Round "1.5"]
[White "Yu, Jennifer R"]
[Black "Sharevich, Anna"]
[Result "0-1"]
[WhiteTitle "WFM"]
[BlackTitle "WGM"]
[WhiteElo "2180"]
[BlackElo "2267"]
[WhiteFideId "2078341"]
[BlackFideId "13503189"]
[EventDate "2015.04.01"]

1. c4 e5 2. Nc3 Nc6 3. Nf3 Nf6 4. d4 e4 5. Ng5 Bb4 6. d5 Ne5 7. Qd4 d6 8. Nxe4
Nxe4 9. Qxe4 f5 10. Qc2 O-O 11. e3 f4 12. exf4 Bf5 13. Qb3 Bc5 14. Be3 Nd7 15.
Be2 Bxe3 16. fxe3 Nc5 17. Qd1 Qh4+ 18. g3 Qh3 19. Qd4 Rae8 20. O-O-O Ne4 21.
Rdf1 Re7 22. Nxe4 Rxe4 23. Qd2 Rfe8 24. Re1 R4e7 25. Bf3 Be4 26. Bxe4 Rxe4 27.
b3 Qd7 28. Re2 b5 29. cxb5 Qxb5 30. Rhe1 a5 31. Qc3 Qxd5 32. Qxc7 a4 33. Rd2 Qa8
34. Kb1 axb3 35. axb3 Qa3 36. Qb7 Rb4 37. Qd5+ Kh8 38. Rb2 Ra8 39. Qc6 Rbb8 40.
Rc1 Qa1+ 41. Kc2 Qa7 42. Kd2 Re8 43. Rc3 d5 44. Rd3 Rad8 45. Rc2 d4 46. e4 Qa5+
47. Ke2 Qh5+ 48. Ke1 h6 49. b4 Ra8 50. h4 Qg4 51. Re2 Rec8 52. Qd5 Ra1+ 53. Kf2
Rcc1 54. Qxd4 Rf1+ 55. Ke3 Qf3+ 56. Kd2 Rfd1+ 57. Kc3 Rxd3+ 0-1

[Event "ch-USA w 2015"]
[Site "Saint Louis USA"]
[Date "2015.04.01"]
[Round "1.6"]
[White "Melekhina, Alisa"]
[Black "Virkud, Apurva"]
[Result "0-1"]
[WhiteTitle "FM"]
[BlackTitle "WCM"]
[WhiteElo "2235"]
[BlackElo "2132"]
[WhiteFideId "2022613"]
[BlackFideId "2050820"]
[EventDate "2015.04.01"]

1. e4 c5 2. Nc3 d6 3. g3 Nc6 4. Bg2 g6 5. d3 Bg7 6. f4 b6 7. Nf3 Bb7 8. O-O Qd7
9. Be3 Nh6 10. h3 f5 11. Bf2 O-O 12. Qd2 e6 13. Rfe1 Rae8 14. d4 cxd4 15. Nxd4
Nxd4 16. Bxd4 fxe4 17. Bxg7 Qxg7 18. Bxe4 d5 19. Bg2 Nf5 20. Kh2 d4 21. Nb5 Bxg2
22. Qxg2 Qd7 23. Na3 Ne3 24. Qd2 Qc6 25. c3 e5 26. fxe5 Rxe5 27. cxd4 Ref5 28.
d5 Rf2+ 29. Kg1 Qc5 30. b4 Qxd5 31. Qxd5+ Nxd5 32. Rad1 Nxb4 33. Rd7 Nxa2 34.
Rxa7 Nc3 35. Rae7 b5 36. Nb1 R2f3 37. Nxc3 Rxc3 38. R7e3 b4 39. Kg2 Rc2+ 40.
R1e2 Rxe2+ 41. Rxe2 b3 42. Rb2 Rb8 43. Kf3 Kf7 44. Ke2 Ke6 45. Kd1 Kf5 46. Rf2+
Ke4 47. Rf4+ Ke5 48. Kc1 b2+ 49. Kb1 Rb3 50. Rg4 Kf6 51. Rf4+ Kg7 52. h4 Rxg3
53. Kxb2 Kh6 54. Kc2 Kh5 55. Kd2 Rg4 56. Rf7 h6 57. Rh7 Rxh4 58. Ke3 g5 59. Kf3
Rf4+ 60. Kg3 Kg6 61. Rh8 Kg7 62. Ra8 h5 63. Ra5 Kg6 64. Ra6+ Rf6 65. Ra4 Rb6 66.
Rc4 Rb3+ 67. Kh2 g4 68. Rc8 Kg5 69. Rc5+ Kh4 70. Rc2 g3+ 71. Kg2 Rb4 72. Rc8
Rb2+ 73. Kg1 Kh3 74. Rc1 h4 75. Ra1 Rb4 76. Kf1 Kg4 77. Ra8 Rb1+ 78. Ke2 g2 79.
Rg8+ Kh3 80. Kf2 Rf1+ 0-1

[Event "ch-USA w 2015"]
[Site "Saint Louis USA"]
[Date "2015.04.02"]
[Round "2.1"]
[White "Virkud, Apurva"]
[Black "Paikidze, Nazi"]
[Result "1/2-1/2"]
[WhiteTitle "WCM"]
[BlackTitle "IM"]
[WhiteElo "2132"]
[BlackElo "2333"]
[WhiteFideId "2050820"]
[BlackFideId "13603620"]
[EventDate "2015.04.01"]

1. d4 Nf6 2. c4 c5 3. d5 b5 4. cxb5 a6 5. b6 Qxb6 6. Nc3 d6 7. e4 g6 8. Nf3 Bg7
9. Bd3 O-O 10. O-O Nbd7 11. h3 Qc7 12. Qe2 Bb7 13. Be3 e6 14. dxe6 fxe6 15. Ng5
Rfe8 16. Bf4 Qc6 17. Rfd1 d5 18. e5 d4 19. Nce4 Nd5 20. Bh2 Bxe5 21. Qg4 N7f6
22. Qh4 Bxh2+ 23. Kxh2 Qc7+ 24. Kg1 Qe7 25. Rac1 Nxe4 26. Bxe4 Rac8 27. Rd3 Rf8
28. Rg3 Nf4 29. Re1 Rce8 30. Bxb7 Qxb7 31. Ne4 d3 32. Nd6 Qb4 33. Re4 Ne2+ 34.
Kh2 Qe1 35. Rxe2 Qxe2 36. Nxe8 d2 37. Qe7 Qe5 38. Qd7 d1=Q 39. Qxd1 Rxe8 40. Qd2
Rb8 41. b3 Rf8 42. Kg1 Qa1+ 43. Kh2 Qd4 44. Qe2 Rxf2 45. Qxe6+ Kg7 46. Qxa6 Qe5
47. Qd3 Rxa2 48. Qc3 Kf6 49. Qf3+ Kg7 50. Qc3 Kf6 1/2-1/2

[Event "ch-USA w 2015"]
[Site "Saint Louis USA"]
[Date "2015.04.02"]
[Round "2.2"]
[White "Sharevich, Anna"]
[Black "Nemcova, Katerina"]
[Result "0-1"]
[WhiteTitle "WGM"]
[BlackTitle "WGM"]
[WhiteElo "2267"]
[BlackElo "2279"]
[WhiteFideId "13503189"]
[BlackFideId "322750"]
[EventDate "2015.04.01"]

1. d4 d5 2. Nf3 e6 3. c4 Nf6 4. g3 dxc4 5. Bg2 Bd7 6. Ne5 Bc6 7. Nxc6 Nxc6 8. e3
Qd7 9. O-O O-O-O 10. Qa4 Nd5 11. Qxc4 h5 12. Bd2 h4 13. Rc1 hxg3 14. hxg3 f5 15.
Nc3 g5 16. Qa4 Kb8 17. Nxd5 exd5 18. b4 Bd6 19. b5 Ne7 20. f4 Ng8 21. Qb3 Nf6
22. fxg5 Ne4 23. Be1 Qh7 24. Qxd5 Bxg3 25. Qe6 Nxg5 26. Qc4 Bxe1 27. Rxe1 Ne4
28. Qc2 Rdg8 29. Rac1 Qh1# 0-1

[Event "ch-USA w 2015"]
[Site "Saint Louis USA"]
[Date "2015.04.02"]
[Round "2.3"]
[White "Wang, Annie"]
[Black "Yu, Jennifer R"]
[Result "0-1"]
[WhiteTitle "WIM"]
[BlackTitle "WFM"]
[WhiteElo "1901"]
[BlackElo "2180"]
[WhiteFideId "2053900"]
[BlackFideId "2078341"]
[EventDate "2015.04.01"]

1. d4 d5 2. c4 c6 3. Nc3 Nf6 4. Nf3 dxc4 5. a4 Bf5 6. Ne5 Nbd7 7. Nxc4 Qc7 8. g3
e5 9. dxe5 Nxe5 10. Bf4 Nfd7 11. Bg2 g5 12. Ne3 gxf4 13. Nxf5 O-O-O 14. Qc2 Nc5
15. O-O a5 16. Rfd1 Rxd1+ 17. Rxd1 fxg3 18. hxg3 h5 19. Ne4 Nxe4 20. Qxe4 Bc5
21. e3 Ng6 22. Ng7 Qe5 23. Nf5 Qxe4 24. Bxe4 h4 25. gxh4 Nxh4 26. Nd6+ Bxd6 27.
Rxd6 f5 28. Bc2 Rg8+ 29. Kf1 Rg4 30. Ke2 Kc7 31. Rd4 Rxd4 32. exd4 Kd6 33. Ke3
Ng2+ 34. Kd2 Ke6 35. Kc3 Nf4 36. Kc4 Nh3 37. f3 Ng5 38. Bd1 Kd6 39. d5 cxd5+ 40.
Kb5 Ne6 41. Kxa5 Kc5 42. b4+ Kc6 43. Be2 Nd4 44. Bd1 f4 45. b5+ Kc5 46. Bc2 b6+
47. Ka6 Nxc2 48. Ka7 Nb4 0-1

[Event "ch-USA w 2015"]
[Site "Saint Louis USA"]
[Date "2015.04.02"]
[Round "2.4"]
[White "Krush, Irina"]
[Black "Ni, Viktorija"]
[Result "1-0"]
[WhiteTitle "GM"]
[BlackTitle "WIM"]
[WhiteElo "2477"]
[BlackElo "2188"]
[WhiteFideId "2012782"]
[BlackFideId "11602252"]
[EventDate "2015.04.01"]

1. c4 g6 2. d4 Bg7 3. Nc3 c5 4. d5 Bxc3+ 5. bxc3 f5 6. f3 e5 7. Nh3 h6 8. g3 d6
9. Nf2 Nf6 10. e4 fxe4 11. fxe4 Qe7 12. a4 Na6 13. a5 Kf7 14. Be2 Kg7 15. Be3
Bd7 16. Rb1 Be8 17. Qd2 Rb8 18. g4 Nd7 19. h4 Nf8 20. Kf1 Rc8 21. Kg2 Rc7 22.
Rhf1 Nb8 23. Nh1 Qxh4 24. Ng3 Qd8 25. Rh1 Kg8 26. Bxh6 Rhh7 27. g5 Rcf7 28. Bxf8
Kxf8 29. Rxh7 Rxh7 30. Bg4 Rh4 31. Qf2+ Kg7 32. Rxb7+ Nd7 33. Qf6+ 1-0

[Event "ch-USA w 2015"]
[Site "Saint Louis USA"]
[Date "2015.04.02"]
[Round "2.5"]
[White "Goletiani, Rusudan"]
[Black "Foisor, Sabina-Francesca"]
[Result "1-0"]
[WhiteTitle "IM"]
[BlackTitle "WGM"]
[WhiteElo "2311"]
[BlackElo "2276"]
[WhiteFideId "13601105"]
[BlackFideId "1212915"]
[EventDate "2015.04.01"]

1. c4 c6 2. Nf3 d5 3. b3 Bg4 4. e3 Nf6 5. Bb2 e6 6. h3 Bh5 7. Be2 Nbd7 8. Nc3
Bd6 9. cxd5 exd5 10. Nd4 Bg6 11. O-O O-O 12. Nf3 h6 13. d3 Qe7 14. Qd2 Rfe8 15.
Rfe1 Rad8 16. Rad1 Nf8 17. Qc1 Ne6 18. Nb1 a5 19. a3 Nc5 20. Qc3 Qc7 21. Nbd2
Rc8 22. Nf1 Qb6 23. N1d2 Qa7 24. Qc2 Ne6 25. Bxf6 gxf6 26. Qb2 Kg7 27. Rc1 Nf8
28. Nh4 Rc7 29. Ndf3 Ne6 30. Nh2 Be5 31. Qa2 f5 32. N2f3 Bf6 33. Bf1 Rce7 34.
Qd2 Nc5 35. Qc2 Ne6 36. g3 d4 37. e4 fxe4 38. dxe4 Ng5 39. Nxg5 hxg5 40. Nxg6
fxg6 41. Bd3 Qb8 42. Qd2 Rh8 43. Bf1 Qe5 44. b4 axb4 45. axb4 Qd6 46. Bg2 Qd7
47. Rc5 Ree8 48. e5 Bd8 49. Rc4 Bb6 50. Qxg5 Qe6 51. Bf1 Rh5 52. Qf6+ Qxf6 53.
exf6+ Kf7 54. Rxe8 Kxe8 55. b5 Rxb5 56. Rc1 Rf5 57. Rb1 Bc5 58. Bd3 Rxf6 59.
Rxb7 Be7 60. h4 c5 61. Kg2 Kf8 62. Bc4 Rd6 63. Rb3 Kg7 64. f4 Rd7 65. Kf3 Ra7
66. Ke4 Ra1 67. Kd5 Re1 68. Rb7 Kf8 69. g4 Bxh4 70. Kxc5 Re7 71. Rb8+ Re8 72.
Rb7 Re7 73. Rb3 Bf2 74. Bd3 Rf7 75. f5 gxf5 76. gxf5 Kg7 77. Kd5 Rf8 78. Rb7+
Rf7 79. Rb6 Rf6 80. Rb2 Be3 81. Ke5 Rf8 82. f6+ Kh6 83. Kf5 Kh7 84. Rh2+ Bh6 85.
Ke6+ Kg8 86. Rxh6 Re8+ 87. Kf5 Rc8 88. Kg6 1-0

[Event "ch-USA w 2015"]
[Site "Saint Louis USA"]
[Date "2015.04.02"]
[Round "2.6"]
[White "Melekhina, Alisa"]
[Black "Abrahamyan, Tatev"]
[Result "1-0"]
[WhiteTitle "FM"]
[BlackTitle "WGM"]
[WhiteElo "2235"]
[BlackElo "2322"]
[WhiteFideId "2022613"]
[BlackFideId "13301918"]
[EventDate "2015.04.01"]

1. e4 e6 2. d4 d5 3. Nc3 Bb4 4. exd5 exd5 5. Bd3 Nc6 6. a3 Bxc3+ 7. bxc3 Nge7 8.
Qh5 Be6 9. Rb1 b6 10. Nf3 Qd7 11. Ng5 O-O-O 12. Nxe6 Qxe6+ 13. Be3 g6 14. Qf3
Nf5 15. O-O Nd6 16. Bg5 Rde8 17. Rfe1 Ne4 18. Ba6+ Kb8 19. Qd3 Qd6 20. Be3 f5
21. f3 Nf6 22. Bb5 Re6 23. Bf4 Rxe1+ 24. Rxe1 Qxf4 25. Bxc6 Qd6 26. Qb5 Qxa3 27.
Re6 Rf8 28. h3 a6 29. Qe2 Ka7 30. Qe5 Rc8 31. Rxf6 Qxc3 32. Bxd5 Qxc2 33. Rc6
Qb1+ 34. Kh2 Kb8 35. Be6 1-0

[Event "ch-USA w 2015"]
[Site "Saint Louis USA"]
[Date "2015.04.03"]
[Round "3.1"]
[White "Paikidze, Nazi"]
[Black "Krush, Irina"]
[Result "1-0"]
[WhiteTitle "IM"]
[BlackTitle "GM"]
[WhiteElo "2333"]
[BlackElo "2477"]
[WhiteFideId "13603620"]
[BlackFideId "2012782"]
[EventDate "2015.04.01"]

1. Nf3 d5 2. g3 Bg4 3. Bg2 Nd7 4. d3 e6 5. Nbd2 Bd6 6. O-O Ne7 7. b3 O-O 8. Bb2
c5 9. c4 Nc6 10. a3 Re8 11. Qc2 d4 12. e3 e5 13. Rae1 a5 14. exd4 cxd4 15. Ne4
Be7 16. h3 Be6 17. Bc1 h6 18. g4 Nf8 19. g5 h5 20. Nxe5 Nxe5 21. f4 Qd7 22. fxe5
Bxh3 23. Qf2 Be6 24. Bf3 Bg4 25. Ng3 Nh7 26. Bxg4 Qxg4 27. Re4 Qe6 28. Nxh5 Bxg5
29. Bxg5 Nxg5 30. Qg3 Qg6 31. Rg4 Qxh5 32. Rxg5 Qh7 33. Rf4 Ra6 34. Rfg4 g6 35.
Rxd4 Qg7 36. Rh4 Rae6 37. d4 Rd8 38. d5 Rb6 39. Qe3 Ra6 40. Rhg4 Re8 41. c5 1-0

[Event "ch-USA w 2015"]
[Site "Saint Louis USA"]
[Date "2015.04.03"]
[Round "3.2"]
[White "Ni, Viktorija"]
[Black "Goletiani, Rusudan"]
[Result "0-1"]
[WhiteTitle "WIM"]
[BlackTitle "IM"]
[WhiteElo "2188"]
[BlackElo "2311"]
[WhiteFideId "11602252"]
[BlackFideId "13601105"]
[EventDate "2015.04.01"]

1. d4 Nf6 2. c4 e6 3. Nc3 Bb4 4. e3 b6 5. Bd3 Bb7 6. Nf3 c5 7. O-O O-O 8. a3
Bxc3 9. bxc3 Ne4 10. Nd2 Nxd2 11. Bxd2 f5 12. d5 exd5 13. Qf3 Nc6 14. cxd5 Ne5
15. Qe2 Bxd5 16. e4 Nxd3 17. exd5 c4 18. a4 Qf6 19. a5 b5 20. a6 f4 21. Rfb1
Rab8 22. Qf3 Qg6 23. Qh3 Rf5 24. Qf3 Rf6 25. Qh3 Qf7 26. Qf3 Rf5 27. Ra4 Rxd5
28. Rxc4 Ne5 29. Qxf4 Rxd2 0-1

[Event "ch-USA w 2015"]
[Site "Saint Louis USA"]
[Date "2015.04.03"]
[Round "3.3"]
[White "Nemcova, Katerina"]
[Black "Wang, Annie"]
[Result "1-0"]
[WhiteTitle "WGM"]
[BlackTitle "WIM"]
[WhiteElo "2279"]
[BlackElo "1901"]
[WhiteFideId "322750"]
[BlackFideId "2053900"]
[EventDate "2015.04.01"]

1. e4 e6 2. d4 d5 3. exd5 exd5 4. Nf3 Nf6 5. Bd3 Bd6 6. O-O O-O 7. h3 h6 8. c4
dxc4 9. Bxc4 Nbd7 10. Nc3 Nb6 11. Bb3 c6 12. Ne5 Nbd5 13. Re1 Be6 14. Qf3 Re8
15. Nxd5 Nxd5 16. Bd2 a5 17. a4 Be7 18. Rad1 Bg5 19. Qg3 Bh4 20. Qf3 Qf6 21. Re4
Qxf3 22. Nxf3 Be7 23. Rde1 Kf8 24. Ne5 Red8 25. Nxf7 Bxf7 26. Bxd5 Rxd5 27. Rxe7
b5 28. Rc7 Rxd4 29. Ree7 Bd5 30. Bc3 Re4 31. Rxg7 b4 32. Bd2 Re6 33. Be3 Rf6 34.
Bc5+ Ke8 35. Rce7+ Kd8 36. Bb6+ 1-0

[Event "ch-USA w 2015"]
[Site "Saint Louis USA"]
[Date "2015.04.03"]
[Round "3.4"]
[White "Abrahamyan, Tatev"]
[Black "Virkud, Apurva"]
[Result "1-0"]
[WhiteTitle "WGM"]
[BlackTitle "WCM"]
[WhiteElo "2322"]
[BlackElo "2132"]
[WhiteFideId "13301918"]
[BlackFideId "2050820"]
[EventDate "2015.04.01"]

1. e4 c5 2. Nf3 d6 3. d4 cxd4 4. Nxd4 Nf6 5. Nc3 a6 6. Be3 e6 7. f3 b5 8. Qd2
Nbd7 9. g4 Nb6 10. g5 Nfd7 11. a3 Bb7 12. O-O-O Rc8 13. f4 Nc5 14. Bd3 Nxd3+ 15.
Qxd3 Nc4 16. h4 Qc7 17. Bd2 Nxd2 18. Rxd2 Qc4 19. Qe3 Be7 20. f5 e5 21. Nb3 Qc7
22. f6 gxf6 23. gxf6 Bf8 24. h5 Rg8 25. Kb1 Bc6 26. Rg1 Rxg1+ 27. Qxg1 a5 28.
Rg2 Qd8 29. Qf1 b4 30. axb4 axb4 31. Nd5 Bxd5 32. exd5 Qb6 33. Rg8 Kd7 34. Qf5+
Kc7 35. Qxh7 Kb8 36. Qxf7 Bh6 37. Qg6 Bf8 38. h6 Qe3 39. h7 1-0

[Event "ch-USA w 2015"]
[Site "Saint Louis USA"]
[Date "2015.04.03"]
[Round "3.5"]
[White "Yu, Jennifer R"]
[Black "Melekhina, Alisa"]
[Result "1/2-1/2"]
[WhiteTitle "WFM"]
[BlackTitle "FM"]
[WhiteElo "2180"]
[BlackElo "2235"]
[WhiteFideId "2078341"]
[BlackFideId "2022613"]
[EventDate "2015.04.01"]

1. c4 c5 2. Nc3 g6 3. g3 Bg7 4. Bg2 Nc6 5. e3 e5 6. Nge2 Nge7 7. O-O O-O 8. a3
d6 9. Rb1 a5 10. d3 Rb8 11. Bd2 Be6 12. Nd5 b5 13. cxb5 Bxd5 14. Bxd5 Nxd5 15.
bxc6 Qb6 16. Qa4 Ra8 17. Rfc1 Ne7 18. d4 exd4 19. exd4 Nxc6 20. dxc5 dxc5 21.
Be3 Nd4 22. Bxd4 cxd4 23. Rc6 Qb7 24. Nf4 Rfe8 25. Rc5 Re5 26. Rxe5 Bxe5 27. Nd3
Bf6 28. Re1 Kg7 29. Rc1 Ra6 30. Qc2 Rb6 31. Re1 h5 32. h4 Qd7 33. Qc5 Rb5 34.
Qc4 Rf5 35. Nc5 Qd8 36. Ne4 Re5 37. Qd3 Qd5 38. Re2 Bd8 39. f4 Re6 40. Kf2 Bb6
41. Kf1 Qc6 42. Kf2 f5 43. Ng5 Rxe2+ 44. Kxe2 Qg2+ 45. Kd1 Qxb2 46. Qc4 Qa1+ 47.
Ke2 d3+ 48. Qxd3 Qb2+ 49. Kd1 Kh6 50. Nf7+ Kg7 51. Ng5 Kh6 52. Nf7+ Kg7 53. Ng5 1/2-1/2

[Event "ch-USA w 2015"]
[Site "Saint Louis USA"]
[Date "2015.04.03"]
[Round "3.6"]
[White "Foisor, Sabina-Francesca"]
[Black "Sharevich, Anna"]
[Result "1-0"]
[WhiteTitle "WGM"]
[BlackTitle "WGM"]
[WhiteElo "2276"]
[BlackElo "2267"]
[WhiteFideId "1212915"]
[BlackFideId "13503189"]
[EventDate "2015.04.01"]

1. d4 d5 2. Bf4 Nf6 3. e3 c5 4. c3 Nc6 5. Nd2 e6 6. Ngf3 Bd6 7. Bg3 O-O 8. Bd3
b6 9. Qe2 Qc7 10. e4 dxe4 11. Nxe4 Nxe4 12. Bxe4 f5 13. Bxd6 Qxd6 14. dxc5 Qxc5
15. Bxc6 Qxc6 16. O-O-O a5 17. Rhe1 a4 18. a3 Qc7 19. Rd4 Ra5 20. Kb1 f4 21. Ka1
g6 22. Qc2 Bd7 23. Qd2 Bc8 24. Rd6 Rc5 25. Re4 b5 26. h4 Rc4 27. Re1 b4 28. axb4
Rc6 29. Rd1 a3 30. Rxc6 axb2+ 31. Kxb2 Qxc6 32. Qd6 Qe4 33. Qe5 Qc6 34. Rd6 Qc4
35. Nd2 Qc7 36. Rxe6 Qd8 37. Rd6 Qxh4 38. Ne4 Bf5 39. Nf6+ Kf7 40. Qd4 Be6 41.
Nd5 Bxd5 42. Rd7+ Ke8 43. Rxd5 Qf6 44. Qc4 Qb6 45. Qe4+ Kf7 46. Rd7+ Kg8 47. Qe7 1-0

[Event "ch-USA w 2015"]
[Site "Saint Louis USA"]
[Date "2015.04.04"]
[Round "4.1"]
[White "Goletiani, Rusudan"]
[Black "Paikidze, Nazi"]
[Result "1/2-1/2"]
[WhiteTitle "IM"]
[BlackTitle "IM"]
[WhiteElo "2311"]
[BlackElo "2333"]
[WhiteFideId "13601105"]
[BlackFideId "13603620"]
[EventDate "2015.04.01"]

1. Nf3 d5 2. c4 e6 3. g3 Nf6 4. Bg2 Be7 5. O-O O-O 6. b3 b6 7. Bb2 Bb7 8. e3 c5
9. Nc3 Nc6 10. cxd5 exd5 11. d4 Rc8 12. Rc1 a6 13. Ne2 Nb8 14. Ne5 Nbd7 15. Nf4
Rc7 16. Nxd7 Rxd7 17. Nd3 Rc7 18. dxc5 Bxc5 19. Nxc5 bxc5 20. Be5 Rc8 21. Bh3
Rc6 22. Bxf6 Qxf6 23. Qxd5 Rc7 24. Qf5 Qc6 25. f3 Bc8 26. Qh5 g6 27. Qh4 Bxh3
28. Qxh3 Rd8 29. Rc2 Rd3 30. e4 c4 31. bxc4 Qb6+ 32. Kg2 Qd4 33. Rff2 Rxc4 34.
Rxc4 Qxc4 35. Qh4 Qc3 36. Qf4 Kg7 37. e5 Qc6 38. Rd2 Qd5 39. Rb2 Qe6 40. Qf6+
Qxf6 41. exf6+ Kxf6 42. Rb6+ Kg7 43. Rxa6 Rd2+ 44. Kh3 h5 45. g4 hxg4+ 46. fxg4
Rd3+ 47. Kg2 Rd2+ 48. Kg3 Rd3+ 49. Kg2 Rd2+ 50. Kg3 Rd3+ 51. Kf4 Rh3 52. a4 Rxh2
53. g5 Rh4+ 54. Kg3 Rc4 55. Ra7 Rc5 56. Kf4 Rc4+ 57. Kf3 1/2-1/2

[Event "ch-USA w 2015"]
[Site "Saint Louis USA"]
[Date "2015.04.04"]
[Round "4.2"]
[White "Melekhina, Alisa"]
[Black "Nemcova, Katerina"]
[Result "0-1"]
[WhiteTitle "FM"]
[BlackTitle "WGM"]
[WhiteElo "2235"]
[BlackElo "2279"]
[WhiteFideId "2022613"]
[BlackFideId "322750"]
[EventDate "2015.04.01"]

1. e4 c5 2. c3 Nf6 3. e5 Nd5 4. Nf3 d6 5. d4 cxd4 6. Qxd4 e6 7. Nbd2 a6 8. Nc4
Nc6 9. Qe4 Nxc3 10. bxc3 d5 11. Qe3 dxc4 12. Bxc4 Qa5 13. O-O Be7 14. Bd2 Bd7
15. Bd3 Rc8 16. a4 Qc7 17. Qe4 Na5 18. Qg4 Kf8 19. Rad1 Nc4 20. Bg5 Bxg5 21.
Qxg5 Nb2 22. Rd2 Nxd3 23. Rxd3 Bxa4 24. Rd4 h6 25. Qg3 Be8 26. Rg4 Rg8 27. c4 f5
28. Rd4 g5 29. h4 Qe7 30. Qh2 g4 31. Ne1 g3 32. Qh3 Rd8 33. Nf3 Rxd4 34. Nxd4
Rg4 35. Nf3 Bc6 36. fxg3 Qc5+ 37. Kh1 Bxf3 38. gxf3 Rxc4 39. Qg2 Rc2 40. Qg1
Qxg1+ 41. Kxg1 Ke7 42. Ra1 Rc5 43. Rb1 b5 44. Ra1 Rc6 45. g4 fxg4 46. fxg4 b4
47. Kf2 b3 48. Ke3 Rc4 49. g5 hxg5 50. hxg5 b2 51. Rb1 Rb4 52. Kd3 Kf7 53. Kc3
a5 54. Kc2 Kg6 55. Rf1 b1=Q+ 56. Rxb1 Rxb1 57. Kxb1 Kxg5 0-1

[Event "ch-USA w 2015"]
[Site "Saint Louis USA"]
[Date "2015.04.04"]
[Round "4.3"]
[White "Virkud, Apurva"]
[Black "Krush, Irina"]
[Result "0-1"]
[WhiteTitle "WCM"]
[BlackTitle "GM"]
[WhiteElo "2132"]
[BlackElo "2477"]
[WhiteFideId "2050820"]
[BlackFideId "2012782"]
[EventDate "2015.04.01"]

1. d4 Nf6 2. c4 e6 3. Nc3 Bb4 4. Qc2 b6 5. a3 Bxc3+ 6. Qxc3 Bb7 7. Bg5 h6 8. Bh4
g5 9. Bg3 Ne4 10. Qc2 d6 11. e3 Nd7 12. Ne2 Qe7 13. f3 Nxg3 14. Nxg3 h5 15.
O-O-O O-O-O 16. Bd3 Kb8 17. e4 h4 18. Ne2 h3 19. g3 d5 20. Kb1 c5 21. Rhe1 dxc4
22. Bxc4 cxd4 23. Nxd4 Ne5 24. Be2 Rd7 25. Nb5 Rhd8 26. Rxd7 Rxd7 27. Rd1 a6 28.
Qc3 Rxd1+ 29. Bxd1 Ng6 30. Nd4 Qd6 31. Be2 Ne5 32. Kc1 Ka7 33. Bf1 g4 34. f4 Nd7
35. Be2 Nc5 36. Bxg4 Bxe4 37. Bf3 Qxd4 38. Qxd4 Nb3+ 39. Kd1 Bxf3+ 0-1